000 00968nam a22001815i 4500
001 166759
003 ES-MaACL
005 20230906213409.0
008 050922s1867 sp | |||||||| ||spa d
080 _a929 Carretero, Marcelina
080 _a347.65(460.27 Chinchón)"18"
100 1 _aUcelay, Enrique.
_9133434
245 1 0 _aEscrito de espresión [sic] de agravios :
_bformulado a nombre de don Atenodoro Marcitllach, doña Tomasa Iglesias y D. Valerio Villalobos en el pleito pendiente ante la Sala Primera de la Real Audiencia de Madrid con don Luciano Marcitllach, don Ignacio María de la Peña y don Calixto Sagastume, sobre nulidad del testamento cerrado otorgado por Dª Marcelina Carretero /
_cpor el Licdo. D. Enrique Ucelay.
260 _aMadrid :
_b[s.n.],
_c1867 (
_fImp. de C. Moliner y Compañía)
300 _a54 p. ;
_c22 cm.
650 _aJuicios hereditarios.
_9176209
852 4 _aES-MaACL
_jT-85-F-4
_z- Enc. hol., falto de la enc. original
999 _c166759
_d166759